| 000 | 00652cam a22002411 4500 | ||
|---|---|---|---|
| 001 | sa 66000274 | ||
| 003 | DLC | ||
| 005 | 20260227112214.0 | ||
| 008 | 820628s1964 ii b 000 0 eng | ||
| 010 | _asa 66000274 | ||
| 025 | _aPL480:I-E-4425 | ||
| 035 | _a(OCoLC)8556723 | ||
| 040 |
_aDLC _cViU _dDLC |
||
| 042 | _apremarc | ||
| 050 | 0 | 0 |
_aHD9046.I4 _bA8 |
| 100 | 1 | _aArokiaswami, M. | |
| 245 | 1 | 4 |
_aThe high price of foodgrains: _bcauses and remedies, _cby M. Arokiasmy. |
| 260 |
_a[Tiruchirapalli?] _c1964. |
||
| 300 |
_a36 p. _c19 cm. |
||
| 504 | _aBibliographical footnotes. | ||
| 650 | 0 |
_aGrain trade _zIndia. |
|
| 650 | 0 |
_aGrain _xPrices. |
|
| 999 |
_c67168 _d67168 |
||